[Event "OLNO 2223 SC Weisse Dame - SC Rotation P"]
[Site "?"]
[Date "2023.02.26"]
[Round "6.5"]
[White "Seils, Joerg"]
[Black "Mahn, Franko"]
[Result "0-1"]
[WhiteElo "2324"]
[BlackElo "2129"]
[PlyCount "94"]
[EventDate "2023.??.??"]

1. e4 e6 2. d4 d5 3. exd5 exd5 4. Nf3 Nf6 5. Bd3 Bd6 6. O-O O-O 7. Bg5 Bg4 8. Nbd2 Nbd7 9. c4 h6 10. Be3 c5 11. Rc1 cxd4 12. Bxd4 Be5 13. Bxe5 Nxe5 14. Be2 Nxc4 15. Nxc4 dxc4 16. Rxc4 Qb6 17. Qd4 Rfe8 18. Bd1 Qxd4 19. Rxd4 Rad8 20. Rb4 Re7 21. h3 Be6 22. a3 Rc7 23. Nd4 Bc4 24. Ne2 b5 25. b3 a5 26. Rxc4 bxc4 27. bxc4 Rd3 28. a4 Rxc4 29. g3 Ra3 30. Kg2 Nd5 31. Re1 Kf8 32. Kf1 Nb6 33. Nf4 Ra1 34. Nd3 Nxa4 35. Bb3 Rxe1+ 36. Kxe1 Rd4 37. Ke2 Nb6 38. Ke3 Rd8 39. Ne5 f6 40. Nc6 Ra8 41. Nd4 a4 42. Ba2 g6 43. Ne6+ Ke7 44. f4 Kd6 45. g4 Nd5+ 46. Bxd5 Kxd5 47. Nc7+ Kc6 0-1

[Event "OLNO 2223 SC Weisse Dame - SC Rotation P"]
[Site "?"]
[Date "2023.02.26"]
[Round "6.6"]
[White "Abraham, Ingo"]
[Black "Bruchmann, Stephan"]
[Result "1/2-1/2"]
[WhiteElo "2201"]
[BlackElo "2202"]
[PlyCount "68"]
[EventDate "2023.??.??"]

1. Nf3 d5 2. c4 c6 3. e3 Nf6 4. Nc3 g6 5. d4 Bg7 6. Bd3 O-O 7. O-O Qd6 8. b3 Nbd7 9. a4 dxc4 10. Ba3 Qc7 11. Bxc4 Nb6 12. Bd3 Nbd5 13. Nxd5 Nxd5 14. h3 Re8 15. Rc1 Bd7 16. Qe2 Rad8 17. Rfd1 h6 18. Qe1 Be6 19. a5 a6 20. Bc5 Qb8 21. Nd2 Nc7 22. f4 Nb5 23. Nc4 Bxc4 24. bxc4 Nc7 25. f5 gxf5 26. Bxf5 e6 27. Bc2 e5 28. Qf2 Ne6 29. Bb6 exd4 30. exd4 Nf4 31. Bxd8 Ne2+ 32. Kh1 Ng3+ 33. Kg1 Ne2+ 34. Kh1 Ng3+ 1/2-1/2

[Event "OLNO 2223 SC Weisse Dame - SC Rotation P"]
[Site "?"]
[Date "2023.02.26"]
[Round "6.7"]
[White "Mueller, Michael"]
[Black "Gross, Thorsten"]
[Result "1/2-1/2"]
[WhiteElo "2231"]
[BlackElo "2137"]
[PlyCount "49"]
[EventDate "2023.??.??"]

1. d4 Nf6 2. c4 e6 3. Nc3 d5 4. Bg5 Be7 5. e3 O-O 6. Nf3 h6 7. Bh4 b6 8. cxd5 exd5 9. Bd3 Be6 10. Rc1 c5 11. O-O Ne8 12. Bg3 Bd6 13. Ne5 Bxe5 14. dxe5 f6 15. Qh5 fxe5 16. Qxe5 Qd7 17. Ne2 Nc6 18. Qc3 Nf6 19. Nf4 Bf5 20. Rcd1 Rad8 21. a3 Rf7 22. Qc2 Bxd3 23. Qxd3 Qe8 24. Rfe1 Rfd7 25. Qf5 1/2-1/2

[Event "OLNO 2223 SC Weisse Dame - SC Rotation P"]
[Site "?"]
[Date "2023.02.26"]
[Round "6.8"]
[White "Zhou, Lepu Coco"]
[Black "Guth, Thomas"]
[Result "1/2-1/2"]
[WhiteElo "2043"]
[BlackElo "2217"]
[PlyCount "78"]
[EventDate "2023.??.??"]

1. e4 e6 2. d4 d5 3. e5 c5 4. c3 Nc6 5. Nf3 Bd7 6. Bd3 cxd4 7. O-O Qb6 8. Re1 Nge7 9. h4 h6 10. h5 a6 11. Nbd2 dxc3 12. bxc3 Na5 13. Ba3 Rc8 14. Rb1 Qa7 15. Nb3 Nxb3 16. Qxb3 b5 17. Nd4 Nc6 18. Bxf8 Rxf8 19. Bxb5 Nxd4 20. Bxd7+ Kxd7 21. cxd4 Rc4 22. Qa3 Rfc8 23. Rb3 Ke8 24. Reb1 Qe7 25. Qxe7+ Kxe7 26. Rb7+ R8c7 27. Rxc7+ Rxc7 28. Rb6 Rc1+ 29. Kh2 a5 30. Ra6 Rc4 31. Rxa5 Rxd4 32. Ra7+ Ke8 33. a4 f6 34. exf6 gxf6 35. a5 Ra4 36. a6 e5 37. Ra8+ Kf7 38. a7 Kg7 39. Rd8 Rxa7 1/2-1/2

[Event "OLNO 2223 SC Kreuzberg - SV Empor Berlin"]
[Site "?"]
[Date "2023.02.26"]
[Round "6.1"]
[White "Volke, Karsten"]
[Black "Glek, Igor"]
[Result "1/2-1/2"]
[WhiteElo "2443"]
[BlackElo "2438"]
[PlyCount "92"]
[EventDate "2023.??.??"]

1. e4 e6 2. d4 d5 3. e5 c5 4. c3 Nc6 5. Nf3 Nh6 6. Bd3 cxd4 7. Bxh6 gxh6 8. cxd4 Bg7 9. O-O O-O 10. Re1 f6 11. Nbd2 Bd7 12. Nb3 fxe5 13. dxe5 Qe7 14. Rc1 Be8 15. Bb1 Bh5 16. Qd3 Rxf3 17. gxf3 Bxe5 18. Rxc6 bxc6 19. Qxh7+ Qxh7 20. Bxh7+ Kxh7 21. Rxe5 Bf7 22. Nc5 Rb8 23. b3 a5 24. f4 Rb4 25. Nxe6 Bxe6 26. Rxe6 a4 27. Rxc6 axb3 28. axb3 Rxf4 29. Rb6 Rg4+ 30. Kf1 Rh4 31. Kg2 Rd4 32. Kf3 Rh4 33. Kg3 Rd4 34. f4 h5 35. b4 Kg7 36. b5 Rb4 37. f5 Kf7 38. Kf3 h4 39. h3 Rc4 40. Rc6 Rb4 41. Rc5 Kf6 42. Rxd5 Kg5 43. Ke3 Rb3+ 44. Ke4 Rxh3 45. Rd6 Rb3 46. Rg6+ Kh5 1/2-1/2

[Event "OLNO 2223 SC Kreuzberg - SV Empor Berlin"]
[Site "?"]
[Date "2023.02.26"]
[Round "6.2"]
[White "Birnboim, Nathan"]
[Black "Thinius, Marco"]
[Result "0-1"]
[WhiteElo "2365"]
[BlackElo "2348"]
[PlyCount "146"]
[EventDate "2023.??.??"]

1. e4 c6 2. d4 d5 3. f3 dxe4 4. fxe4 e5 5. Nf3 Bg4 6. Bc4 Nd7 7. O-O Ngf6 8. Qe1 Bd6 9. Ng5 Bh5 10. g4 Bg6 11. Nxf7 Bxf7 12. Bxf7+ Kxf7 13. g5 Qb6 14. Nd2 Rae8 15. gxf6 Nxf6 16. Qh4 Qxd4+ 17. Kh1 Ke7 18. Qg3 Nxe4 19. Qxg7+ Kd8 20. Nf3 Nf2+ 21. Kg2 Qg4+ 22. Qxg4 Nxg4 23. Ng5 Rhg8 24. h3 Nh6 25. Kh1 Rg6 26. Ne4 Be7 27. Be3 Kc7 28. a4 a5 29. Rad1 Rf8 30. Rxf8 Bxf8 31. Rf1 Be7 32. Kh2 Kd7 33. Bb6 Ke6 34. Bxa5 Nf5 35. Bb6 Nh4 36. Rf2 Kd5 37. Ng3 Ke6 38. Ne4 Kd5 39. Nd2 Bg5 40. c4+ Ke6 41. Ne4 Bf4+ 42. Kh1 Kf5 43. Re2 Nf3 44. Bc5 Nd4 45. Re1 Bg3 46. Nd6+ Rxd6 47. Rf1+ Ke6 48. Bxd6 Kxd6 49. Rf7 h5 50. Rxb7 e4 51. Rg7 h4 52. c5+ Kxc5 53. Re7 Kb4 54. Rxe4 c5 55. b3 Bc7 56. Rxh4 Kxb3 57. Rh7 Ba5 58. Rh5 Bb4 59. Rd5 Kc4 60. Rd7 Kd3 61. Rb7 Be1 62. Re7 Bd2 63. Rc7 c4 64. Kg2 c3 65. a5 c2 66. Rxc2 Nxc2 67. a6 Be3 68. Kf3 Ne1+ 69. Kg4 Ke4 70. h4 Ke5 71. h5 Kf6 72. Kg3 Nc2 73. Kf3 Bg1 0-1

[Event "OLNO 2223 SC Kreuzberg - SV Empor Berlin"]
[Site "?"]
[Date "2023.02.26"]
[Round "6.3"]
[White "Foerster, Jonas"]
[Black "Glantz, Robert"]
[Result "1/2-1/2"]
[WhiteElo "2288"]
[BlackElo "2346"]
[PlyCount "103"]
[EventDate "2023.??.??"]

1. Nf3 Nf6 2. c4 b6 3. Nc3 Bb7 4. d4 e6 5. Bg5 Bb4 6. Qc2 h6 7. Bd2 O-O 8. e3 Bxc3 9. Bxc3 Ne4 10. Bd3 f5 11. O-O-O Qf6 12. b3 Nxc3 13. Qxc3 d6 14. Kb2 Nd7 15. Bc2 Rae8 16. Rdg1 Qe7 17. Nd2 c5 18. f3 Nf6 19. h3 b5 20. g4 bxc4 21. bxc4 d5 22. gxf5 exf5 23. dxc5 dxc4 24. Rh2 Nd5 25. Qxc4 Qe5+ 26. Qd4 Nxe3 27. Bb3+ Kh7 28. Qc3 Rf6 29. Rf2 Rc6 30. Qxe5 Rxe5 31. f4 Rexc5 32. Re2 Nd5 33. Re5 Rc8 34. Re6 Nxf4 35. Re7 Bg2 36. Rxa7 R8c7 37. Rxc7 Rxc7 38. h4 g5 39. Bc2 Kg6 40. hxg5 hxg5 41. Nb3 Be4 42. Bxe4 fxe4 43. a4 Rc4 44. a5 e3 45. Nc1 Kf5 46. Kb3 Rc8 47. Kb4 e2 48. Kb5 Rc2 49. a6 Rb2+ 50. Kc6 Rc2+ 51. Kb7 Rb2+ 52. Kc6 1/2-1/2

[Event "OLNO 2223 SC Kreuzberg - SV Empor Berlin"]
[Site "?"]
[Date "2023.02.26"]
[Round "6.4"]
[White "Strache, Michael"]
[Black "Szajbely, Zsigmond"]
[Result "1-0"]
[WhiteElo "2290"]
[BlackElo "2251"]
[PlyCount "59"]
[EventDate "2023.??.??"]

1. e4 Nf6 2. e5 Nd5 3. c4 Nb6 4. d4 d6 5. f4 dxe5 6. fxe5 Nc6 7. Be3 Bf5 8. Nc3 e6 9. Nf3 Bg4 10. Qd2 Na5 11. b3 Bb4 12. Be2 c5 13. dxc5 Nd7 14. O-O-O Nc6 15. Kb2 Bxf3 16. gxf3 Ndxe5 17. Qxd8+ Rxd8 18. Rxd8+ Kxd8 19. a3 Bxc3+ 20. Kxc3 a5 21. b4 axb4+ 22. axb4 f6 23. Ra1 Re8 24. b5 Nb8 25. Ra8 Kc7 26. f4 Nf7 27. Ra7 Kc8 28. Bf3 Kd8 29. c6 bxc6 30. Bb6+ 1-0

[Event "OLNO 2223 SC Kreuzberg - SV Empor Berlin"]
[Site "?"]
[Date "2023.02.26"]
[Round "6.5"]
[White "Nitsche-Hahn, Raphael"]
[Black "Glienke, Manfred"]
[Result "1-0"]
[WhiteElo "2114"]
[BlackElo "2205"]
[PlyCount "143"]
[EventDate "2023.??.??"]

1. d4 Nf6 2. Bf4 e6 3. e3 c5 4. c3 cxd4 5. exd4 b6 6. Nf3 Be7 7. Nbd2 O-O 8. Bd3 Ba6 9. Bxa6 Nxa6 10. O-O d6 11. Qe2 Nc7 12. Rac1 b5 13. b3 Ncd5 14. Bg3 b4 15. c4 Nc3 16. Qd3 Nxa2 17. Ra1 Nc3 18. Ra6 Nh5 19. Ne4 Nxg3 20. hxg3 Nxe4 21. Qxe4 Qd7 22. Rfa1 Rfb8 23. R1a4 d5 24. cxd5 exd5 25. Qf4 Rf8 26. Ne5 Qb7 27. Qf3 Bd8 28. Nc6 Bb6 29. Nxb4 Rae8 30. Qd3 Rc8 31. Ra1 Rfe8 32. Qb5 Qb8 33. Nc6 Qc7 34. Nxa7 Bxa7 35. Rxa7 Qc3 36. Qxd5 Rf8 37. Rd1 Rb8 38. Rb7 Qc2 39. Ra1 Rbd8 40. Qf3 Qb2 41. Rd1 Rxd4 42. Rd7 Rxd1+ 43. Qxd1 Qf6 44. b4 g6 45. Qd4 Qg5 46. Qf4 Qb5 47. Re7 Qd5 48. g4 h6 49. Kh2 Rc8 50. Re5 Rc4 51. Qf6 Qa8 52. Re7 Qf8 53. Rd7 Rc8 54. b5 Qg7 55. Rd8+ Rxd8 56. Qxd8+ Kh7 57. Qc7 Qf6 58. b6 Qxf2 59. Qd8 Qf4+ 60. Kg1 Qc1+ 61. Kf2 Qf4+ 62. Ke1 Qe4+ 63. Kd2 Qxg2+ 64. Kc3 Qf3+ 65. Kc4 Qa3 66. Qc7 Qa2+ 67. Kc5 Qa3+ 68. Kc6 Qa8+ 69. b7 Qa4+ 70. Kd6 Qf4+ 71. Kd7 Qa4+ 72. Ke7 1-0

[Event "OLNO 2223 SC Kreuzberg - SV Empor Berlin"]
[Site "?"]
[Date "2023.02.26"]
[Round "6.6"]
[White "Moritz, Aron"]
[Black "Atkinson, Paul"]
[Result "0-1"]
[WhiteElo "2225"]
[BlackElo "2037"]
[PlyCount "58"]
[EventDate "2023.??.??"]

1. c4 e5 2. g3 Nf6 3. Bg2 c6 4. Nf3 e4 5. Nd4 d5 6. d3 Qb6 7. Nb3 Bb4+ 8. Nc3 Ng4 9. O-O e3 10. f4 Nf2 11. Qc2 Nh3+ 12. Bxh3 Bxh3 13. Rf3 d4 14. c5 Bxc5 15. Na4 Qb4 16. Bxe3 Bg4 17. Naxc5 Bxf3 18. Bxd4 Bd5 19. Bxg7 Rg8 20. Be5 Bxb3 21. axb3 Nd7 22. Nxd7 Kxd7 23. d4 Rg6 24. f5 Rg5 25. Qe4 Re8 26. Rxa7 f6 27. Qe3 Qb6 28. Ra1 Rxe5 29. Qf2 Rgxf5 0-1

[Event "OLNO 2223 SC Kreuzberg - SV Empor Berlin"]
[Site "?"]
[Date "2023.02.26"]
[Round "6.7"]
[White "Jahn, Thomas"]
[Black "Dubessay, Bastien"]
[Result "0-1"]
[WhiteElo "2139"]
[BlackElo "2300"]
[PlyCount "102"]
[EventDate "2023.??.??"]

1. e4 e6 2. d4 d5 3. Nc3 Bb4 4. e5 c5 5. a3 Bxc3+ 6. bxc3 Ne7 7. Nf3 b6 8. a4 Ba6 9. Bb5+ Bxb5 10. axb5 Qd7 11. Rb1 c4 12. h4 a6 13. bxa6 Rxa6 14. h5 h6 15. Nh4 Nbc6 16. Qg4 Rg8 17. O-O Nf5 18. Nxf5 exf5 19. Qf3 Qe6 20. Bd2 Kd7 21. Rb5 Ne7 22. Rfb1 Kc7 23. Bf4 g5 24. hxg6 fxg6 25. R1b4 g5 26. Bd2 Rd8 27. Rb1 Rb8 28. Qd1 g4 29. Qc1 h5 30. Bg5 Ng6 31. Qb2 Rba8 32. g3 Nf8 33. Rc5+ Kb7 34. Qb5 Ra1 35. Kg2 Rxb1 36. Qxb1 Ng6 37. Rb5 h4 38. gxh4 f4 39. Qb4 f3+ 40. Kg3 Ra1 41. Qd6 Rg1+ 42. Kh2 Rg2+ 43. Kh1 Qxd6 44. exd6 Rxf2 45. d7 g3 46. Rb1 Rh2+ 47. Kg1 f2+ 48. Kf1 Rh1+ 49. Kg2 Rxb1 50. Kxg3 f1=Q 51. Kg4 Qg2+ 0-1

[Event "OLNO 2223 SC Kreuzberg - SV Empor Berlin"]
[Site "?"]
[Date "2023.02.26"]
[Round "6.8"]
[White "Vogel, Constantin"]
[Black "Nitsche, Nikolai"]
[Result "1-0"]
[WhiteElo "2154"]
[BlackElo "1788"]
[PlyCount "47"]
[EventDate "2023.??.??"]

1. c4 Nf6 2. g3 g6 3. Bg2 Bg7 4. Nc3 O-O 5. d3 d6 6. e4 e5 7. Nge2 Be6 8. O-O Qd7 9. f4 Bh3 10. f5 Bxg2 11. Kxg2 c6 12. h3 h5 13. Bg5 Nh7 14. Be3 Nf6 15. Qd2 d5 16. Bc5 Rd8 17. fxg6 dxe4 18. Rxf6 Bxf6 19. Rf1 fxg6 20. Rxf6 Qg7 21. Qg5 Kh7 22. Nxe4 Nd7 23. Rd6 Qf7 24. Be3 1-0

[Event "OLNO 2223 SC Empor Potsdam - USC Viadri"]
[Site "?"]
[Date "2023.02.26"]
[Round "6.2"]
[White "Tschernatsch, Johannes"]
[Black "Lippert, Daniel"]
[Result "1/2-1/2"]
[WhiteElo "2297"]
[BlackElo "2049"]
[PlyCount "80"]
[EventDate "2023.??.??"]

1. e4 c5 2. Nf3 Nc6 3. Bb5 g6 4. O-O Bg7 5. c3 e5 6. d4 exd4 7. cxd4 cxd4 8. Bf4 Nge7 9. Bd6 a6 10. Bc4 h6 11. Nbd2 b5 12. Bd5 O-O 13. a4 Bb7 14. Nb3 Re8 15. Nc5 Nxd5 16. Nxb7 Qb6 17. exd5 Na7 18. Bc5 Qxb7 19. Bxd4 Qxd5 20. Bxg7 Qxd1 21. Rfxd1 Kxg7 22. Rxd7 Red8 23. Rxd8 Rxd8 24. Kf1 Nc6 25. Rc1 Ne7 26. axb5 axb5 27. Rc7 Kf6 28. Rb7 Rd5 29. Rb6+ Kg7 30. Ke2 Nc8 31. Rc6 Ne7 32. Rc3 Kf6 33. Rb3 Nf5 34. Rb4 Ke6 35. g4 Nd6 36. Nd4+ Kd7 37. f4 Kc7 38. Nf3 Nc4 39. b3 Na5 40. Ne5 Nc6 1/2-1/2

[Event "OLNO 2223 SC Empor Potsdam - USC Viadri"]
[Site "?"]
[Date "2023.02.26"]
[Round "6.3"]
[White "Woithe, Daniel"]
[Black "Tiarks, Jann-Christian"]
[Result "1/2-1/2"]
[WhiteElo "2041"]
[BlackElo "2231"]
[PlyCount "51"]
[EventDate "2023.??.??"]

1. Nf3 c5 2. g3 Nf6 3. Bg2 Nc6 4. O-O e5 5. e4 Be7 6. Re1 O-O 7. c3 d6 8. d3 b5 9. Nbd2 Rb8 10. a3 a5 11. Nf1 a4 12. d4 cxd4 13. cxd4 Bg4 14. dxe5 dxe5 15. Bg5 Qc8 16. Rc1 Rd8 17. Qc2 Bxf3 18. Qxc6 Bxg2 19. Kxg2 h6 20. Bxf6 Bxf6 21. Qxc8 Rbxc8 22. Rxc8 Rxc8 23. Ne3 Bg5 24. Kf3 Bxe3 25. Kxe3 Kf8 26. Rd1 1/2-1/2

[Event "OLNO 2223 SC Empor Potsdam - USC Viadri"]
[Site "?"]
[Date "2023.02.26"]
[Round "6.4"]
[White "Schoene, Ralf"]
[Black "Grabowski, Jan"]
[Result "1-0"]
[WhiteElo "2231"]
[BlackElo "1920"]
[PlyCount "139"]
[EventDate "2023.??.??"]

1. d4 e6 2. c4 f5 3. Nc3 Nf6 4. g3 Bb4 5. a3 Bxc3+ 6. bxc3 O-O 7. Bg2 Nc6 8. Nf3 Rb8 9. O-O b6 10. Bg5 h6 11. Bxf6 Qxf6 12. Qa4 Qe7 13. Nh4 Kh7 14. Bxc6 dxc6 15. Qxa7 Bb7 16. c5 e5 17. cxb6 cxb6 18. Qxb6 exd4 19. cxd4 Qxe2 20. Rfe1 Qc4 21. Rac1 Qa2 22. Qc5 f4 23. Qc2+ Qxc2 24. Rxc2 fxg3 25. hxg3 Rfd8 26. Re7 Ba8 27. f3 Rb3 28. a4 Rd3 29. Rc5 R3xd4 30. Ra5 Rd1+ 31. Kh2 R8d2+ 32. Ng2 Rb1 33. Rxa8 Rbb2 34. Raa7 Rxg2+ 35. Kh3 Rh2+ 36. Kg4 Rb4+ 37. f4 Kg6 38. Rxg7+ Kf6 39. Rgf7+ Kg6 40. Rfb7 h5+ 41. Kf3 Rxb7 42. Rxb7 Ra2 43. Ra7 Ra3+ 44. Kg2 c5 45. Rc7 Rxa4 46. Rc6+ Kg7 47. Kh3 Rc4 48. Kh4 Rc3 49. f5 c4 50. Rg6+ Kf7 51. Kxh5 Rc1 52. g4 c3 53. Kg5 c2 54. Rc6 Ke7 55. Rc3 Kf7 56. Rc7+ Ke8 57. f6 Kd8 58. f7 Rf1 59. Rxc2 Rxf7 60. Re2 Rg7+ 61. Kh5 Rh7+ 62. Kg6 Rh3 63. g5 Rf3 64. Kg7 Rf4 65. g6 Rf3 66. Kg8 Rf4 67. g7 Rg4 68. Re5 Rg2 69. Kh7 Rh2+ 70. Kg6 1-0

[Event "OLNO 2223 SC Empor Potsdam - USC Viadri"]
[Site "?"]
[Date "2023.02.26"]
[Round "6.5"]
[White "Mueller, Thorsten"]
[Black "Jaeger, Uwe"]
[Result "0-1"]
[WhiteElo "1992"]
[BlackElo "2220"]
[PlyCount "110"]
[EventDate "2023.??.??"]

1. d4 g6 2. g3 Bg7 3. Bg2 f5 4. Nh3 d5 5. O-O c6 6. c3 Nd7 7. f3 e5 8. e4 Ne7 9. dxe5 dxe4 10. e6 Qb6+ 11. Kh1 Nf8 12. fxe4 Nxe6 13. exf5 Nxf5 14. g4 Ne7 15. Qe2 Rf8 16. Rxf8+ Kxf8 17. Ng5 Nxg5 18. Bxg5 Qc5 19. Bh4 Qe5 20. Qf3+ Kg8 21. Nd2 g5 22. Re1 Qf6 23. Bg3 Ng6 24. Ne4 Qxf3 25. Bxf3 Be6 26. Nxg5 Bxa2 27. h4 Rf8 28. Kg2 Bf6 29. Ra1 Bc4 30. Ne4 Bxh4 31. Nd6 Ba6 32. Nf5 Bg5 33. Bxc6 Rd8 34. Ra5 Rd2+ 35. Kf3 Be2+ 36. Ke4 bxc6 37. Nd4 Bf6 38. Nxc6 Rxb2 39. g5 Bxc3 40. Rxa7 Bf1 41. Ra8+ Nf8 42. Bd6 Bg2+ 43. Ke3 Bg7 44. Ne7+ Kf7 45. Ra7 Rb3+ 46. Kd2 Bd4 47. Ra4 Ne6 48. Nf5 Bb6 49. Be5 Bc6 50. Rh4 Nxg5 51. Kc2 Rf3 52. Nd4 Rf2+ 53. Kd3 Be4+ 54. Kc4 Kg6 55. Bf4 Bxd4 0-1

[Event "OLNO 2223 SC Empor Potsdam - USC Viadri"]
[Site "?"]
[Date "2023.02.26"]
[Round "6.6"]
[White "Bachmann, Volker"]
[Black "Ketelhoehn, Bernd"]
[Result "1-0"]
[WhiteElo "2093"]
[BlackElo "1918"]
[PlyCount "53"]
[EventDate "2023.??.??"]

1. d4 d5 2. c4 c6 3. Nf3 Nf6 4. Nc3 e6 5. e3 Nbd7 6. Bd3 dxc4 7. Bxc4 b5 8. Bd3 a6 9. e4 c5 10. e5 cxd4 11. Nxb5 axb5 12. exf6 gxf6 13. Nxd4 Qb6 14. Be3 Bc5 15. Be2 Ra4 16. Nxb5 Rb4 17. Bxc5 Qxc5 18. Rc1 Rxb5 19. Bxb5 Qb4+ 20. Qd2 Qe4+ 21. Kf1 O-O 22. Bxd7 Ba6+ 23. Kg1 Bb7 24. f3 Qh4 25. Bc6 Ba6 26. g3 Qh3 27. Qf4 1-0

[Event "OLNO 2223 SC Empor Potsdam - USC Viadri"]
[Site "?"]
[Date "2023.02.26"]
[Round "6.8"]
[White "Puhlmann, Rainer"]
[Black "Krannich, Sven"]
[Result "1-0"]
[WhiteElo "2093"]
[BlackElo "1900"]
[PlyCount "59"]
[EventDate "2023.??.??"]

1. Nf3 e6 2. c4 c5 3. g3 Nc6 4. Bg2 Nf6 5. O-O Be7 6. Nc3 O-O 7. d4 cxd4 8. Nxd4 Qb6 9. Nb3 a6 10. e4 Ne5 11. c5 Qc7 12. Be3 Rd8 13. Rc1 d6 14. cxd6 Rxd6 15. Nd5 Qd8 16. Nxe7+ Qxe7 17. Qe2 Rc6 18. Bc5 Qe8 19. Nd4 Rc7 20. Bd6 Rxc1 21. Rxc1 Nc6 22. Nxc6 bxc6 23. Qc4 Bb7 24. Bf3 Qd7 25. Rd1 Ne8 26. Bb4 Qc7 27. Qc5 Nf6 28. Ba5 Nd7 29. Qe7 Qxa5 30. Rxd7 1-0

[Event "OLNO 2223 SC Empor Potsdam - USC Viadri"]
[Site "?"]
[Date "2023.02.26"]
[Round "6.1"]
[White "Galazewski, Tomasz"]
[Black "Penzold, Andreas"]
[Result "1-0"]
[WhiteElo "2299"]
[BlackElo "2366"]
[PlyCount "69"]
[EventDate "2023.??.??"]

1. e4 d6 2. d4 Nf6 3. Nc3 c6 4. g3 Nbd7 5. Bg2 e5 6. Nge2 Be7 7. O-O O-O 8. a4 a5 9. h3 Re8 10. Be3 Bf8 11. g4 h6 12. Ng3 b6 13. f4 Qc7 14. Nf5 Bb7 15. g5 hxg5 16. fxg5 Nh7 17. d5 g6 18. dxc6 Bxc6 19. Nd5 Qb7 20. Ng3 Bxd5 21. exd5 Be7 22. Qg4 Rac8 23. Rf2 b5 24. Be4 Rf8 25. Raf1 Nc5 26. Bxc5 Rxc5 27. h4 bxa4 28. Nf5 Rc4 29. Nh6+ Kh8 30. Rxf7 Qb6+ 31. Kh2 Qe3 32. Qe6 Qe2+ 33. R1f2 Rxe4 34. Rxf8+ Nxf8 35. Qg8# 1-0

[Event "OLNO 2223 SAV Torgelow-Drögeheide 90 -"]
[Site "?"]
[Date "2023.02.26"]
[Round "6.1"]
[White "Jahnz, Fabian"]
[Black "Grossmann, Piet"]
[Result "1-0"]
[WhiteElo "2247"]
[BlackElo "1992"]
[PlyCount "54"]
[EventDate "2023.??.??"]

1. e4 e6 2. d4 d5 3. Nc3 Bb4 4. exd5 exd5 5. Bd3 Nc6 6. a3 Ba5 7. Be3 Nge7 8. Qh5 Qd6 9. Nf3 h6 10. b4 Bb6 11. O-O Be6 12. Ne2 O-O-O 13. b5 Na5 14. Ne5 g6 15. Qf3 Rdf8 16. Bd2 Nc4 17. Nxc4 dxc4 18. Be4 Nd5 19. Bb4 Qd7 20. Bxf8 Bg4 21. Qg3 Bxe2 22. Bg7 Re8 23. Bxd5 Qxd5 24. Rfe1 Bxd4 25. Rxe2 Bxa1 26. Rxe8+ Kd7 27. Re1 Bxg7 1-0

[Event "OLNO 2223 SAV Torgelow-Drögeheide 90 -"]
[Site "?"]
[Date "2023.02.26"]
[Round "6.2"]
[White "Schmekel, Florian"]
[Black "Rosmann, Ilja"]
[Result "1/2-1/2"]
[WhiteElo "2102"]
[BlackElo "2310"]
[PlyCount "103"]
[EventDate "2023.??.??"]

1. d4 Nf6 2. c4 e6 3. Nf3 c5 4. d5 exd5 5. cxd5 d6 6. Nc3 g6 7. Nd2 a6 8. a4 Nbd7 9. e4 Bg7 10. Be2 O-O 11. O-O Re8 12. Kh1 h6 13. f4 Qc7 14. Bf3 Rb8 15. Qe2 Nb6 16. Qf2 Bg4 17. Bxg4 Nxg4 18. Qg3 Nf6 19. Re1 c4 20. a5 Nbd7 21. Ra4 b5 22. axb6 Nxb6 23. Rxa6 Qc5 24. Rf1 Nh5 25. Qf3 Rb7 26. Ndb1 Qb4 27. Qf2 Nf6 28. Nd2 Nfd7 29. Ra3 Nc5 30. Na2 Qb5 31. Qf3 Nd3 32. Nxc4 Qxc4 33. Qxd3 Rxe4 34. Qxc4 Nxc4 35. Ra8+ Kh7 36. Nc3 Bxc3 37. bxc3 Rb3 38. Rc8 Kg7 39. Rc7 Kf6 40. h3 Rb5 41. g4 Rxd5 42. g5+ Ke6 43. f5+ Rxf5 44. Rxf5 gxf5 45. gxh6 Ne5 46. Kg2 Rh4 47. Bg5 Rh5 48. Re7+ Kd5 49. h4 f6 50. Bxf6 Rxh6 51. Bg5 Rh8 52. Kg3 1/2-1/2

[Event "OLNO 2223 SAV Torgelow-Drögeheide 90 -"]
[Site "?"]
[Date "2023.02.26"]
[Round "6.3"]
[White "Eilenberg, Jonas"]
[Black "Korbal, Arkadiusz"]
[Result "1/2-1/2"]
[WhiteElo "2257"]
[BlackElo "2051"]
[PlyCount "170"]
[EventDate "2023.??.??"]

1. d4 d5 2. c4 c6 3. cxd5 cxd5 4. Bf4 Nc6 5. e3 Bf5 6. Qb3 Qd7 7. Nf3 e6 8. Nc3 Bd6 9. Bxd6 Qxd6 10. Be2 Nge7 11. O-O O-O 12. Rfc1 h6 13. h3 Rfc8 14. Nb5 Qd8 15. Qa3 Bg6 16. Nc3 a6 17. Na4 Qa5 18. Nc5 Qxa3 19. bxa3 b5 20. a4 bxa4 21. Bxa6 Rc7 22. Bb7 Ra7 23. Bxc6 Nxc6 24. a3 Na5 25. Nxa4 Rxc1+ 26. Rxc1 Nc4 27. Nc5 Rxa3 28. Nd7 f6 29. Nc5 Kf7 30. Nh2 Bh7 31. Nf1 g5 32. Ng3 Ra2 33. Rc3 Bc2 34. Ne2 Bd1 35. Nc1 Ra1 36. Kh2 Nd2 37. N5b3 Bxb3 38. Nxb3 Nf1+ 39. Kg1 Rd1 40. Rc7+ Kg6 41. Nc5 Nxe3+ 42. Kh2 Nf1+ 43. Kg1 f5 44. Nxe6 f4 45. g4 fxg3 46. fxg3 Nxg3+ 47. Kg2 Nf5 48. Rc6 Kh5 49. Rc5 Kh4 50. Kf2 Nxd4 51. Rxd5 Rd2+ 52. Kf1 Nf3 53. Rxd2 Nxd2+ 54. Kg2 Nc4 55. Nd4 Ne3+ 56. Kh2 Kh5 57. Kg3 Nf1+ 58. Kg2 Nd2 59. Kg3 Ne4+ 60. Kf3 Nf6 61. Kg3 Kg6 62. Kg2 h5 63. Kg3 Ne4+ 64. Kf3 Nd6 65. Ne2 Nf5 66. Nc3 Nd4+ 67. Ke4 Nc6 68. Nd5 h4 69. Ne3 Nd8 70. Nd5 Nf7 71. Ne7+ Kf6 72. Nd5+ Kg6 73. Ne7+ Kh5 74. Nf5 Nh6 75. Ne3 Kg6 76. Nc4 Kf6 77. Ne3 Ke6 78. Nd5 Ng8 79. Nc7+ Kf6 80. Nd5+ Kg6 81. Ke5 g4 82. hxg4 Kg5 83. Ke4 Kxg4 84. Ne3+ Kg3 85. Nf5+ Kg4 1/2-1/2

[Event "OLNO 2223 SAV Torgelow-Drögeheide 90 -"]
[Site "?"]
[Date "2023.02.26"]
[Round "6.5"]
[White "Anibar, Ahmed"]
[Black "Bauer, Norbert"]
[Result "0-1"]
[WhiteElo "2285"]
[BlackElo "2036"]
[PlyCount "56"]
[EventDate "2023.??.??"]

1. c4 c5 2. Nc3 Nf6 3. Nf3 b6 4. e4 d6 5. d4 cxd4 6. Nxd4 e6 7. Be3 Bb7 8. f3 Nbd7 9. Be2 a6 10. O-O Qc7 11. Qd2 Be7 12. Rfc1 O-O 13. a4 Qb8 14. Bf1 Re8 15. Bf2 Bd8 16. b4 Bc7 17. g3 Ne5 18. Rab1 Qd8 19. Qa2 Rb8 20. Rd1 Qe7 21. Bg2 Rec8 22. Rbc1 Bd8 23. Nce2 g6 24. h3 d5 25. exd5 exd5 26. c5 bxc5 27. bxc5 Nc4 28. Nb3 Ne3 0-1

[Event "OLNO 2223 SAV Torgelow-Drögeheide 90 -"]
[Site "?"]
[Date "2023.02.26"]
[Round "6.6"]
[White "Herrmann, Jakob"]
[Black "Dimitrijeski, Kristian"]
[Result "0-1"]
[WhiteElo "1974"]
[BlackElo "2134"]
[PlyCount "114"]
[EventDate "2023.??.??"]

1. e4 e5 2. Nf3 Nc6 3. d4 exd4 4. Nxd4 Nf6 5. Nc3 Bb4 6. Nxc6 bxc6 7. Bd3 d5 8. exd5 cxd5 9. O-O O-O 10. Bg5 c6 11. Qf3 Be7 12. h3 Re8 13. Ne2 h6 14. Bf4 Bd6 15. Nd4 Bxf4 16. Qxf4 Bd7 17. b4 a5 18. a3 Qe7 19. Nb3 axb4 20. axb4 Be6 21. Nc5 Qd8 22. Ba6 Bc8 23. Bd3 Be6 24. Rxa8 Qxa8 25. Qd4 Qc8 26. Ra1 Bf5 27. Ba6 Qc7 28. c3 Ne4 29. Re1 Ra8 30. Bf1 Ra2 31. Bd3 Qf4 32. Bxe4 Bxe4 33. Qe3 Qxe3 34. Rxe3 f5 35. Nxe4 fxe4 36. f3 exf3 37. Rxf3 Rc2 38. g4 Kh7 39. h4 Kg6 40. Kh1 Re2 41. Rf4 Rc2 42. Rf3 h5 43. g5 Re2 44. Rf4 Rb2 45. Rf3 d4 46. Kg1 Rb3 47. Rf4 dxc3 48. Rc4 Kf5 49. Kg2 Ke5 50. Rxc6 Rxb4 51. Rxc3 Rxh4 52. Rc5+ Kf4 53. g6 Rg4+ 54. Kh3 Rg5 55. Rc4+ Kf5 56. Rc6 Rg4 57. Ra6 Kg5 0-1

[Event "OLNO 2223 SAV Torgelow-Drögeheide 90 -"]
[Site "?"]
[Date "2023.02.26"]
[Round "6.7"]
[White "Wierzbicki, Jirawat"]
[Black "Ehlers, Michael"]
[Result "1-0"]
[WhiteElo "2165"]
[BlackElo "1940"]
[PlyCount "95"]
[EventDate "2023.??.??"]

1. e4 c5 2. Nf3 Nc6 3. Bb5 Nd4 4. Nxd4 cxd4 5. c3 Qb6 6. Qe2 e6 7. cxd4 Qxd4 8. Nc3 a6 9. Ba4 Bb4 10. Bc2 Nf6 11. O-O e5 12. a3 Bxc3 13. bxc3 Qc5 14. a4 d6 15. Ba3 Bg4 16. Qd3 Qc6 17. f3 Be6 18. Qxd6 Qxd6 19. Bxd6 O-O-O 20. Bxe5 Rxd2 21. Rf2 Rd7 22. a5 Ne8 23. Ba4 Rd8 24. Bxe8 Rhxe8 25. Bxg7 Bc4 26. Bd4 Rd6 27. Rb2 Bb5 28. Kf2 Rh6 29. h3 Rg6 30. Rd2 Reg8 31. g4 Rd8 32. Rad1 Rd7 33. Bb6 Rh6 34. Kg3 Ba4 35. Rxd7 Bxd7 36. Rd5 Rc6 37. Rh5 Rxc3 38. Rxh7 Be8 39. h4 Kd7 40. h5 Ke6 41. Kf4 Bb5 42. Rh8 Be2 43. Be3 f6 44. Rh7 Ra3 45. Rxb7 Rxa5 46. h6 Ra1 47. Rb2 Bc4 48. Rh2 1-0